Introducing Einstein's relativity: a deeper understanding.
Zapisane w:
| Główni autorzy: | , |
|---|---|
| Format: | Nieznany |
| Wydane: |
Oxford, United Kingdom:
Oxford University Press,
2022.
|
| Wydanie: | Second edition. |
| Hasła przedmiotowe: | |
| Etykiety: |
Dodaj etykietę
Nie ma etykietki, Dołącz pierwszą etykiete!
|
MARC
| LEADER | 00000 a2200000 4500 | ||
|---|---|---|---|
| 003 | CL-VaPUC | ||
| 005 | 20230622101211.0 | ||
| 008 | 221020t2022 ||||| |||| 00| 0 eng d | ||
| 999 | |c 438491 |d 438489 | ||
| 020 | |a 9780198862031 | ||
| 040 | |c Pontificia Universidad Católica de Valparaíso | ||
| 082 | 7 | |a 530.11 DIN 2022 |2 22 | |
| 100 | |a D'Inverno, Ray |9 536141 |e author | ||
| 245 | |a Introducing Einstein's relativity: a deeper understanding. | ||
| 250 | |a Second edition. | ||
| 260 | |a Oxford, United Kingdom: |b Oxford University Press, |c 2022. | ||
| 300 | |a 605 páginas. | ||
| 583 | |k GC |c 20221020 | ||
| 650 | 0 | |a Agujeros negros (Astronomía) |9 375418 | |
| 650 | |a Cosmología |9 269138 | ||
| 650 | |a Relatividad (Física) |9 265410 | ||
| 700 | |a Vickers, James |e author |9 877823 | ||
| 942 | |2 ddc |c BK | ||
| 952 | |0 0 |1 0 |2 ddc |4 0 |6 530_110000000000000_DIN_2022 |7 0 |8 A |9 587425 |a BIBCUR |b BIBCUR |c GEN |d 2022-10-20 |e 74 |g 53909.00 |i 5655323 |l 3 |o 530.11 DIN 2022 |p 5655323 |r 2025-04-22 |s 2025-03-14 |t 2 |v 53909.00 |w 2022-10-20 |y BK |k FIS | ||
| 952 | |0 0 |1 0 |2 ddc |4 0 |6 530_110000000000000_DIN_2022 |7 0 |8 A |9 587426 |a BIBCUR |b BIBCUR |c GEN |d 2022-10-20 |e 74 |g 53909.00 |i 5655322 |l 3 |o 530.11 DIN 2022 |p 5655322 |r 2025-04-22 |s 2024-04-18 |t 1 |v 53909.00 |w 2022-10-20 |y BK |k FIS | ||